000 00725cab a2200241 4500
001 WB2609-44
008 090401t1990 xxu||||| |||| 00| 0 eng d
035 _a(Sirsi) u73584
041 _aeng
245 _aGraduates hit by property slump
260 _c1990
350 _a0
490 _aEstates Times
_vno 1035, 23/2/90 p1
520 _aThe current downturn in the property market is forcing some of the larger chartered surveying firms to reduce their graduate intake.
650 _aABOUT RICS-RICS MEMBERS
650 _aEMPLOYMENT
650 _aRECESSION
650 _aRECRUITMENT
650 _aSLUMP
690 _aMANAGEMENT-BUSINESS MANAGEMENT-PROFESSIONAL PRACTICE
942 _n0
948 _c04/03/1997
999 _c46488
_d46488